• 首页
  • 本馆介绍
  • 公告通知
  • 最新文献
  • 馆藏检索
  • 电子资源
  • 读者导购
  • 参考咨询
  • 我的图书馆
  • 登录
  • 详细信息显示
  • 放入我的书架
  • 预约/预借图书
  • 作者相关作品
  • 分类相关作品
  • 丛书相关作品
  • 出版社相关作品

书目信息

  • 表格格式
  • 工作单格式
  • 卡片格式
题名:
广播发射新技术
    
 
作者: 罗松筠 主编
分册:  
出版信息: 成都   电子科技大学出版社  1990
页数: 232页
开本: 20cm
丛书名: 边缘科学书系
单 册:
中图分类: TN93
科图分类:
主题词: 广播发射机--发射--技术 , 广播发射机 , 发射
电子资源:
ISBN: 7-81016-219-5
000 00898oam2 2200289 45
001 0120062000002
005 20070706150357.85
010    @a7-81016-219-5@dCNY18.80
092    @aCN@b491840
100    @a20060422e20051990em y0chiy0121 ea
101 0  @achi
102    @aCN@b510000
105    @aa z 000yy
200 1  @a广播发射新技术@Aguang bo fa she xin ji shu@f罗松筠[主编]@Fluo song jun [ zhu bian ]
210    @a成都@c电子科技大学出版社@d1990@h2005重印
215    @a232页@c图@d20cm
225 2  @a边缘科学书系
320    @a有书目
330    @a本书论述了现代广播发射系统中有关高效率功率放大,高效率调制,数字调制,调幅立体声等方面的理论与技术问题。
461  0 @12001 @a边缘科学书系
606 0  @a广播发射机@x发射@x技术
606 0  @a广播发射机
606 0  @a发射
690    @aTN93@v4
701  0 @a罗松筠@Aluo song jun@4主编
801  0 @aCN@bLZJBOOK@c20070706
905    @a10447@dTN93@e21
    
    广播发射新技术/罗松筠[主编].-成都:电子科技大学出版社,1990(2005重印)
    232页:图;20cm.-(边缘科学书系)
    
    
    ISBN 7-81016-219-5:CNY18.80
    本书论述了现代广播发射系统中有关高效率功率放大,高效率调制,数字调制,调幅立体声等方面的理论与技术问题。
●
相关链接 在E读中查询图书 在五车中查询图书 在当当中查询图书 在豆瓣中查询图书


正题名:广播发射新技术     索取号:TN93/21         预约/预借

序号 登录号 条形码 馆藏地/架位号 状态 备注
1 0567619   205676197   第二样本阅览室/ [索取号:TN93/21] 在馆    
2 0567620   205676204   第三借阅区/ [索取号:TN93/21] 在馆    
3 0567621   205676213   第三借阅区/ [索取号:TN93/21] 在馆    
4 0567622   205676222   第三借阅区/ [索取号:TN93/21] 在馆    
5 0567623   205676231   第三借阅区/ [索取号:TN93/21] 在馆    
6 0567624   205676240   第三借阅区/ [索取号:TN93/21] 在馆    
7 0567625   205676259   第三借阅区/ [索取号:TN93/21] 在馆    
8 0567626   205676268   第三借阅区/ [索取号:TN93/21] 在馆    
唐山师范学院图书馆 欢迎您!
大连网信软件有限公司© 版权所有